Statistics for U.S. States Closest to the Hudson Bay

Click here to take the quiz!

General Stats

  • This quiz has been taken 36 times
  • The average score is 9 of 10

Answer Stats

MiU.S. StateKm% Correct
510Maine822
100%
482New York776
100%
545New Hampshire877
97%
375Michigan604
94%
636Ohio1,024
94%
615Pennsylvania990
91%
509Vermont820
91%
457Minnesota736
85%
505Wisconsin812
85%
594North Dakota956
76%

Score Distribution

Percentile by Number Answered

Percent of People with Each Score

Your Score History

You have not taken this quiz